Ensayos
Salvato in:
| Autore principale: | |
|---|---|
| Natura: | Libro |
| Lingua: | spagnolo |
| Pubblicazione: |
Barcelona
Ediciones Península
1970
|
| Edizione: | 1a. ed |
| Serie: | Historia Ciencia Sociedad, 69
|
| Soggetti: | |
| Tags: |
Aggiungi Tag
Nessun Tag, puoi essere il primo ad aggiungerne!!
|
MARC
| LEADER | 00000cam a2200000 a 4500 | ||
|---|---|---|---|
| 001 | UCF9303 | ||
| 003 | CL-VaPUC | ||
| 008 | 131111e19701000sp |||||||||||||||||spa|d | ||
| 082 | 0 | 4 | |a 101 |b GAR |2 21 |
| 100 | |a García Bacca, Juan David |e author |9 571593 | ||
| 245 | 1 | 0 | |a Ensayos |
| 250 | |a 1a. ed | ||
| 300 | |a 254 p | ||
| 942 | |c BK | ||
| 945 | |d 20131111 15:03:00 |a dcastane | ||
| 260 | |a Barcelona |b Ediciones Península |c 1970 | ||
| 650 | 0 | |a Filosofía |9 223554 | |
| 650 | 0 | |a Metafísica |9 265649 | |
| 650 | 0 | |a Teoría del conocimiento |9 255038 | |
| 650 | 0 | |a Dialéctica |9 257902 | |
| 650 | 0 | |a Lingüística |9 265068 | |
| 583 | |a last modification |c 20131111 15:03:00 |k Rodrigo Vera | ||
| 490 | 0 | |a Historia Ciencia Sociedad, 69 | |
| 999 | |c 353775 |d 353773 | ||
| 952 | |0 0 |1 0 |3 erb |4 0 |6 101_000000000000000_GAR_1970 |7 0 |8 P |9 459155 |a BIBEDU |b BIBEDU |c BIBEDU_PB |d 2019-11-23 |i 5007534 |o 101 GAR 1970 |p 5007534 |r 2024-01-25 |w 2019-11-23 |y BK |z Catalogado en:20131111 |k FIL | ||